书目信息 |
| 题名: |
这就是建筑师
|
|
| 作者: | 廖偌熙 编著 | |
| 分册: | ||
| 出版信息: | 北京 新星出版社 2021 |
|
| 页数: | 222页 | |
| 开本: | 21cm | |
| 丛书名: | 前途丛书 | |
| 单 册: | ||
| 中图分类: | TU | |
| 科图分类: | ||
| 主题词: | 建筑师--介绍 | |
| 电子资源: | ||
| ISBN: | 978-7-5133-4553-8 | |
| 000 | 01040nam0 2200253 450 | |
| 001 | 202021194506 | |
| 005 | 20211025120147.0 | |
| 010 | @a978-7-5133-4553-8@dCNY49.00 | |
| 100 | @a20211005d2021 em y0chiy50 ea | |
| 101 | 0 | @achi |
| 102 | @aCN@b110000 | |
| 105 | @aa z 000yy | |
| 106 | @ar | |
| 200 | 1 | @a这就是建筑师@Azhe jiu shi jian zhu shi@dArchitect@f廖偌熙编著@zeng |
| 210 | @a北京@c新星出版社@d2021 | |
| 215 | @a222页@c彩照@d21cm | |
| 225 | 1 | @a前途丛书 |
| 300 | @a得到图书 | |
| 330 | @a本书带你全方位了解建筑师这一职业。建筑师的意义重大,他们既是物理世界的建构者,也是人类生活的托举者;建筑师扮演着多种角色,他们既是善于沟通、推销的销售人员,又是浪漫、感性的艺术家,还是理性、严谨的工程师;建筑师是典型的慢行业,工作涉及范围广、内容杂、周期长、环节多,职业成熟期普遍要到四五十岁;建筑师身负多重责任,他们不仅要对业主负责,还要对建筑的最终使用者以及公众利益负责。 | |
| 510 | 1 | @aArchitect@zeng |
| 606 | 0 | @a建筑师@x介绍 |
| 690 | @aTU@v5 | |
| 701 | 0 | @a廖偌熙@Aliao ruo xi@4编著 |
| 905 | @a河南城建学院图书馆@dTU@eL471 | |
| 这就是建筑师=Architect/廖偌熙编著.-北京:新星出版社,2021 |
| 222页:彩照;21cm.-(前途丛书) |
| 得到图书 |
| ISBN 978-7-5133-4553-8:CNY49.00 |
| 本书带你全方位了解建筑师这一职业。建筑师的意义重大,他们既是物理世界的建构者,也是人类生活的托举者;建筑师扮演着多种角色,他们既是善于沟通、推销的销售人员,又是浪漫、感性的艺术家,还是理性、严谨的工程师;建筑师是典型的慢行业,工作涉及范围广、内容杂、周期长、环节多,职业成熟期普遍要到四五十岁;建筑师身负多重责任,他们不仅要对业主负责,还要对建筑的最终使用者以及公众利益负责。 |
| ● |
| 相关链接 |
|
|
|
正题名:这就是建筑师
索取号:TU/L471
 
预约/预借
| 序号 | 登录号 | 条形码 | 馆藏地/架位号 | 状态 | 备注 |
| 1 | 1543661 | 215436614 | 建筑库101/101建筑库 1排2列4层/ [索取号:TU/L471] | 在馆 | |
| 2 | 1543662 | 215436623 | 建筑库101/101建筑库 1排2列4层/ [索取号:TU/L471] | 在馆 |